| 000 | 00607nam a2200181Ia 4500 | ||
|---|---|---|---|
| 003 | GCL | ||
| 008 | 140319s9999 xx 000 0 ara d | ||
| 040 |
_aGCL / _cGCL |
||
| 082 | 0 | 4 |
_a895.6 _bم ب |
| 100 | 1 | _aميشيما, يوكيو | |
| 245 | 1 | 0 |
_aالبحار الذى لفظه البحر: رواية / _cميشيما, يوكيو |
| 700 | 1 | _aعايده مطرجى اوريس | |
| 300 | _a176 ص | ||
| 490 |
_aالهيئة العامة للاستعلامات _v0 |
||
| 650 | 0 | 4 | _aالادب اليابانى المترجم |
| 650 | 0 | 4 | _aالقصص اليابانية المترجمة |
| 942 |
_2ddc _cBK |
||
| 999 |
_c47270 _d47270 |
||